Propuesta de reforma a la carrera administrativa en la Registraduría Nacional del Estado Civil (Registro nro. 99357)

Detalles MARC
000 -CABECERA
campo de control de longitud fija 00622nam a2200181Ia 4500
001 - NÚMERO DE CONTROL
campo de control 99357
003 - IDENTIFICADOR DEL NÚMERO DE CONTROL
campo de control 182215
005 - FECHA Y HORA DE LA ÚLTIMA TRANSACCIÓN
campo de control 20250219113721.0
008 - DATOS DE LONGITUD FIJA--INFORMACIÓN GENERAL
campo de control de longitud fija ||||||n9999 ||| || ||
100 1# - ENTRADA PRINCIPAL--NOMBRE DE PERSONA
Nombre de persona Delgado Quintero, Hernando
9 (RLIN) 120157
245 #0 - MENCIÓN DE TÍTULO
Título Propuesta de reforma a la carrera administrativa en la Registraduría Nacional del Estado Civil
562 ## - NOTA DE IDENTIFICACIÓN DE LA COPIA Y VERSIÓN
Número de copias 1
650 #0 - PUNTO DE ACCESO ADICIONAL DE MATERIA--TÉRMINO DE MATERIA
Término de materia o nombre geográfico como elemento de entrada Carrera administrativa
9 (RLIN) 4786
650 #0 - PUNTO DE ACCESO ADICIONAL DE MATERIA--TÉRMINO DE MATERIA
Término de materia o nombre geográfico como elemento de entrada Registraduría Nacional del Estado Civil
9 (RLIN) 4869
650 ## - PUNTO DE ACCESO ADICIONAL DE MATERIA--TÉRMINO DE MATERIA
Término de materia o nombre geográfico como elemento de entrada TESIS Y DISERTACIONES ACADÉMICAS
9 (RLIN) 120159
650 #0 - PUNTO DE ACCESO ADICIONAL DE MATERIA--TÉRMINO DE MATERIA
Término de materia o nombre geográfico como elemento de entrada ESPECIALIZACIÓN EN ADMINISTRACIÓN PÚBLICA (BOGOTÁ)
9 (RLIN) 193726
942 ## - ELEMENTOS DE PUNTO DE ACCESO ADICIONAL (KOHA)
Tipo de ítem Koha Tesis
Existencias
Estado de retiro Estado de pérdida Estado dañado No para préstamo Código de colección Localización permanente Ubicación/localización actual Coste, precio normal de compra Total de préstamos Signatura topográfica completa Código de barras Número de copia Tipo de ítem Koha
        Trabajos de Grado Bogotá - Sede Central Bogotá - Sede Central 0.00   BOG106 1991 85660 1 Tesis